00213nam a2200085Ia 4500100001900000654002900019245002900048260003800077546001200115 aCacoullos/ T.  aExercises in Probability aExercises in Probability bNarosa Pub HouseaNew Delhic1993 aENGLISH